000 00880nam a22003017a 4500
001 BR7503211
003 BR-BrBNA
005 20230928084806.0
007 ta
008 230509b bl.||||| |||| 00| 0 por d
040 _aBR-BrBNA
_bpor
_cBiblioteca Nacional de Agricultura
041 _a(Por)
072 _aF00; E15; E70
_b2290
_b9590
_b/G514
090 _ 2290 BR7503211
110 1 _aSecretaria de Estado da Agricultura, Curitiba, PR (Brasil). Depto. de Economia Rural
_98815
245 1 _aCultura da menta [custo de producao, mercado, industrializacao, Parana, Brasil]
260 3 _aCuritiba, PR (Brasil):
_c1975.
300 _a35 p.
650 _aMENTA
650 _aOLEO
650 _aCUSTO DE PRODUCAO
650 _aMERCADO
650 _aINDUSTRIALIZACAO
650 _aEXPORTACAO
650 _aPARANA
909 _a202309
_bLucia
_c55
_dLucia Elande
942 _cBK
999 _c21127
_d21127